Entrenamiento y práctica deportiva escolar
Saved in:
| Hovedforfatter: | |
|---|---|
| Andre forfattere: | , , , |
| Format: | Bog |
| Sprog: | spansk |
| Udgivet: |
Barcelona
Editorial Paidotribo
2004
Schondorf, Alemania Verlag Karl Hofmann 2004 |
| Udgivelse: | Primera |
| Fag: | |
| Tags: |
Tilføj Tag
Ingen Tags, Vær først til at tagge denne postø!
|
MARC
| LEADER | 00000nam a22000007a 4500 | ||
|---|---|---|---|
| 003 | CL-VaPUC | ||
| 005 | 20230405103504.0 | ||
| 008 | 191108t2004 sp ad||f f||| 00| 0 spa d | ||
| 999 | |c 184788 |d 184786 | ||
| 020 | |a 8480197447 | ||
| 040 | |c Pontificia Universidad Católica de Valparaíso | ||
| 082 | 0 | 4 | |2 21 |a 372.86 |
| 100 | |a Rusch, Horst |9 254808 | ||
| 245 | 1 | 0 | |a Entrenamiento y práctica deportiva escolar |
| 246 | 1 | 1 | |a Sport-Förderunterricht |i Título original |
| 250 | |a Primera | ||
| 260 | 3 | |a Barcelona |b Editorial Paidotribo |c 2004 | |
| 260 | |a Schondorf, Alemania |b Verlag Karl Hofmann |c 2004 | ||
| 583 | |c 20191108 |k Cristian Robeson | ||
| 650 | 0 | 0 | |a Educación física |9 240893 |
| 650 | 0 | 0 | |a Educación básica |9 224933 |
| 650 | 0 | 0 | |a PSICOMOTRICIDAD |9 241072 |
| 700 | 1 | |9 73914 |a Weineck, Jürgen | |
| 700 | 1 | |a Polledo, Ramón |9 254775 |e traductor | |
| 700 | 1 | |a Pombo, Manuel |9 254776 |e revisor técnico | |
| 700 | 1 | |a Páramos, Carlos |9 254777 |e diseño de cubierta | |
| 942 | |2 ddc |c BK | ||
| 952 | |0 0 |1 0 |2 ddc |4 0 |6 372_860000000000000_RUS_2004 |7 0 |8 A |9 143415 |a BIBEDU |b BIBEDU |c GEN |d 2019-11-08 |i 4030885 |o 372.86 RUS 2004 |p 4030885 |r 2019-11-08 |v 37.00 |w 2019-11-08 |y BK | ||